|
|
|
|
| LEADER |
00930nam a2200217 a 4500 |
| 001 |
577086 |
| 008 |
100222s1988 bg b f000 0 eng d |
| 010 |
|
|
|a 89901378
|
| 040 |
|
|
|a DLC
|c DLC
|d DLC
|
| 082 |
0 |
0 |
|a 331.4/83/095492
|2 20
|
| 245 |
0 |
0 |
|a Women's contribution to homestead agricultural production systems in Bangladesh /
|c Md. Sahadad Hussain ... [et al.].
|
| 260 |
|
|
|a Comilla, Bangladesh :
|b Bangladesh Academy for Rural Development,
|c 1988.
|
| 300 |
|
|
|a xiii, 344 p. ;
|c 23 cm.
|
| 504 |
|
|
|a Includes Bibliography (p. [336]-341.)
|
| 541 |
1 |
|
|e 00007108
|
| 650 |
|
0 |
|a Women agricultural laborers
|z Bangladesh.
|
| 700 |
1 |
|
|a Hussain, Md. Sahadad.
|
| 710 |
2 |
|
|a Bangladesh Academy for Rural Development.
|
| 852 |
4 |
|
|a Ayesha Abed Library
|j General shelf
|
| 999 |
|
|
|c 7647
|d 7647
|
| 952 |
|
|
|0 0
|1 0
|2 ddc
|4 0
|6 331_483095492000000_WOM_1988
|7 0
|9 8374
|a BRACUL
|b BRACUL
|c GEN
|d 2010-02-22
|l 0
|o 331.483095492 WOM
|p 3010007108
|r 2010-02-22
|t 1
|w 2010-02-22
|y BK
|